[Event "vk18"]
[Site "Vinkovci"]
[Date "2018.07.28"]
[Round "8.2"]
[White "Starcevic, Ante Leon"]
[Black "Muha, Miljenko"]
[Result "0-1"]
[WhiteElo "2177"]
[BlackElo "2362"]
[PlyCount "74"]
[EventDate "2018.07.23"]

1. c4 e5 2. Nc3 Nf6 3. Nf3 Nc6 4. g3 Bb4 5. Bg2 O-O 6. O-O d6 7. Qc2 h6 8. a3
Bxc3 9. Qxc3 a5 10. b3 Bg4 11. Re1 Qd7 12. Bb2 Bh3 13. Bh1 Rae8 14. d3 Nh5 15.
b4 axb4 16. axb4 f5 17. b5 Nd8 18. c5 Ne6 19. c6 bxc6 20. Nxe5 dxe5 21. Bxc6
Qd8 22. Ra8 Qxa8 23. Bxa8 Rxa8 24. Qc4 f4 25. Bxe5 Kh8 26. Bxc7 Nxc7 27. Qxc7
fxg3 28. hxg3 Nf6 29. f3 Rab8 30. g4 Rxb5 31. Qg3 Bxg4 32. fxg4 Rg5 33. Rf1 Kh7
34. Kh1 Nh5 35. Qg2 Rxf1+ 36. Kh2 Rf4 37. Kh3 Rgxg4 0-1

[Event "vk18"]
[Site "Vinkovci"]
[Date "2018.07.28"]
[Round "8.3"]
[White "Djukin, Marko"]
[Black "Toplak, Juraj"]
[Result "1/2-1/2"]
[WhiteElo "1969"]
[BlackElo "2017"]
[PlyCount "122"]
[EventDate "2018.07.23"]

1. e4 d5 2. exd5 Nf6 3. Nc3 Nxd5 4. d4 Nc6 5. Nf3 Bf5 6. a3 e6 7. Bd3 Bg4 8.
Be2 Bd6 9. Nxd5 exd5 10. Bg5 Qd7 11. Qd2 f6 12. Bf4 O-O-O 13. O-O-O Rhe8 14.
Rhe1 Re4 15. Be3 Rde8 16. h3 Bf5 17. g4 Bg6 18. Nh4 Rxe3 19. fxe3 Bg3 20. Nxg6
Bxe1 21. Rxe1 hxg6 22. Bd3 Rh8 23. Qg2 Ne7 24. e4 c6 25. e5 Qe6 26. Qg3 f5 27.
gxf5 gxf5 28. Qxg7 Rxh3 29. Qf6 Kd7 30. Rg1 Rh7 31. Rg6 Qxf6 32. Rxf6 Rh4 33.
c3 f4 34. Kd2 Rh2+ 35. Be2 c5 36. Rxf4 cxd4 37. cxd4 Nc6 38. Ke3 Rh3+ 39. Rf3
Rh4 40. Bb5 Re4+ 41. Kd3 Rxd4+ 42. Kc3 Ke6 43. Bxc6 Rc4+ 44. Kd3 bxc6 45. b3
Rh4 46. Rf6+ Kxe5 47. Rxc6 Rh3+ 48. Kc2 Kd4 49. Rc7 Rh2+ 50. Kc1 Ra2 51. Rxa7
Kc3 52. Rc7+ Kxb3 53. Kd1 d4 54. a4 Rxa4 55. Kd2 Rc4 56. Rxc4 Kxc4 57. Kc2 Kc5
58. Kd3 Kd5 59. Kd2 Ke6 60. Kd3 Ke5 61. Kd2 Ke4 1/2-1/2

[Event "vk18"]
[Site "Vinkovci"]
[Date "2018.07.28"]
[Round "8.4"]
[White "Saravanja, Matija"]
[Black "Erenda, Bruno"]
[Result "0-1"]
[WhiteElo "1936"]
[BlackElo "1966"]
[PlyCount "66"]
[EventDate "2018.07.23"]

1. e4 e6 2. d4 b6 3. Nc3 Bb7 4. Be3 Bb4 5. e5 Ne7 6. a3 Bxc3+ 7. bxc3 d6 8.
exd6 cxd6 9. Qg4 Nf5 10. Bd2 Nd7 11. Nf3 Nf6 12. Bb5+ Kf8 13. Qh3 Ne4 14. Bd3
Rc8 15. Bxe4 Bxe4 16. Rc1 Bxf3 17. Qxf3 d5 18. Qe2 Rc4 19. Rb1 Nd6 20. f3 Qf6
21. O-O Ke7 22. Rfe1 Rhc8 23. Rb4 Kf8 24. Qd3 Kg8 25. Re5 h6 26. g4 Rxb4 27.
cxb4 Nc4 28. Re2 Nb2 29. Qe3 Rxc2 30. Kg2 Nc4 31. Qd3 Ra2 32. Bc1 Rxe2+ 33.
Qxe2 Qxd4 0-1

[Event "vk18"]
[Site "Vinkovci"]
[Date "2018.07.28"]
[Round "8.5"]
[White "Kanizaj, Benjamin"]
[Black "Makovec, Bruno"]
[Result "1-0"]
[WhiteElo "1881"]
[BlackElo "2293"]
[PlyCount "115"]
[EventDate "2018.07.23"]

1. e4 c5 2. Nf3 Nc6 3. d4 cxd4 4. Nxd4 g6 5. Be3 Bg7 6. Nc3 Nf6 7. f3 O-O 8.
Bc4 Qb6 9. Qd2 Qxb2 10. Rb1 Qa3 11. Rb3 Qa5 12. h4 Qd8 13. Rb5 a6 14. Rg5 b5
15. Bb3 e6 16. h5 Nxd4 17. Bxd4 Bb7 18. e5 Ne8 19. hxg6 fxg6 20. Ne4 Bxe4 21.
fxe4 Qe7 22. Qe3 Rc8 23. Rg4 Qf7 24. Qh3 h6 25. Be3 Rc3 26. Kd2 b4 27. Qh4 h5
28. Rg5 Rxe3 29. Kxe3 Bh6 30. Kd3 Bxg5 31. Qxg5 Kh7 32. c4 Ng7 33. Bd1 Qf4 34.
Qxf4 Rxf4 35. Ke3 Rf8 36. Ba4 Rc8 37. Rc1 Rc7 38. Kd3 Kg8 39. c5 h4 40. Bd1 Ne8
41. Kc4 d6 42. Kxb4 dxc5+ 43. Rxc5 Rb7+ 44. Ka5 Rb2 45. Bb3 Ng7 46. Rc2 Rxc2
47. Bxc2 Nh5 48. Bd1 Nf4 49. Bf3 Nd3 50. Kxa6 Nxe5 51. Be2 g5 52. Kb5 g4 53. a4
g3 54. Bf1 Ng4 55. a5 h3 56. gxh3 Ne3 57. a6 Nxf1 58. a7 1-0

[Event "vk18"]
[Site "Vinkovci"]
[Date "2018.07.28"]
[Round "8.6"]
[White "Safar, Sandro"]
[Black "Petrovic, David"]
[Result "1-0"]
[WhiteElo "2257"]
[BlackElo "1657"]
[PlyCount "53"]
[EventDate "2018.07.23"]

1. d4 d5 2. Bf4 Nf6 3. e3 e6 4. Nf3 c5 5. c3 a6 6. Nbd2 c4 7. Qc2 b5 8. e4 dxe4
9. Nxe4 Bb7 10. Nxf6+ Qxf6 11. Be5 Qh6 12. b3 Bxf3 13. gxf3 Nd7 14. Bg3 Qf6 15.
Qe4 Ra7 16. bxc4 bxc4 17. Bxc4 Be7 18. Rb1 O-O 19. O-O Qg6 20. Rfc1 f5 21.
Qxe6+ Qxe6 22. Bxe6+ Kh8 23. Bxd7 f4 24. Bc6 Rc7 25. Be4 Bg5 26. Rc2 Rfc8 27.
h4 1-0

[Event "vk18"]
[Site "Vinkovci"]
[Date "2018.07.28"]
[Round "8.7"]
[White "Babic, Tvrtko"]
[Black "Zadravec, Matija"]
[Result "0-1"]
[WhiteElo "1498"]
[BlackElo "2191"]
[PlyCount "96"]
[EventDate "2018.07.23"]

1. e4 c5 2. Nf3 g6 3. d4 cxd4 4. Nxd4 Nc6 5. Nc3 Bg7 6. Be3 Nf6 7. f3 O-O 8.
Qd2 d5 9. exd5 Nxd5 10. Nxc6 bxc6 11. Nxd5 cxd5 12. c3 Qa5 13. c4 Qxd2+ 14.
Bxd2 dxc4 15. Bxc4 Bxb2 16. Rd1 Bf5 17. Be3 Rac8 18. Bb3 a5 19. Kf2 Ba3 20. Rd5
Bb4 21. Rhd1 Be6 22. R5d3 Bxb3 23. axb3 Rc2+ 24. Kf1 f6 25. Bd2 Rb8 26. Bxb4
Rxb4 27. Ra1 Rb5 28. Kg1 Re5 29. f4 Ree2 30. Rg3 Kf7 31. h4 Ra2 32. Rc1 Re4 33.
Rf3 Ke6 34. Rc5 Ree2 35. Rg3 Rf2 36. Rc4 Kf5 37. Kh2 Rxf4 38. Rc5+ e5 39. Kh3
h5 40. Rc1 Ra3 41. Re1 a4 42. Rb1 axb3 43. Rbxb3 Ra1 44. Rgf3 Rh1+ 45. Kg3
Rhxh4 46. Rfe3 Rh1 47. Rxe5+ fxe5 48. Rb6 h4# 0-1

[Event "vk18"]
[Site "Vinkovci"]
[Date "2018.07.28"]
[Round "8.1"]
[White "Kukas, Oliver"]
[Black "Jurakic, Lukas"]
[Result "1-0"]
[WhiteElo "2159"]
[BlackElo "1755"]
[PlyCount "89"]
[EventDate "2018.07.23"]

1. d4 Nf6 2. Bf4 g6 3. Nc3 d5 4. e3 Bg7 5. h4 h5 6. Nf3 O-O 7. Be2 c6 8. Ne5
Nbd7 9. Bf3 Nxe5 10. Bxe5 b5 11. O-O a5 12. Re1 a4 13. a3 Ne8 14. Bxg7 Kxg7 15.
e4 e6 16. g3 Nd6 17. e5 Nf5 18. Ne2 Qb6 19. Qd2 f6 20. exf6+ Rxf6 21. c3 Bd7
22. Qg5 Rh8 23. Nf4 Kf7 24. Re2 Ne7 25. Nd3 Rf5 26. Qe3 Bc8 27. Bg2 Qc7 28. Bh3
Rf6 29. Rae1 Nf5 30. Qg5 Nd6 31. Nc5 Nf5 32. Nd3 Nd6 33. f3 Nf5 34. Ne5+ Kg7
35. Bxf5 Rxf5 36. Qxg6+ Kf8 37. g4 Rg8 38. Qh6+ Ke8 39. Kh1 Rxf3 40. Nxf3 Qg3
41. Rxe6+ Kd8 42. Qf6+ Kc7 43. Rxc6+ Kb7 44. Re7+ Ka8 45. Ra6+ 1-0

[Event "vk18"]
[Site "Vinkovci"]
[Date "2018.07.28"]
[Round "8.2"]
[White "Sos, Fran"]
[Black "Jakrlin, Mihael"]
[Result "1-0"]
[WhiteElo "2009"]
[BlackElo "1827"]
[PlyCount "59"]
[EventDate "2018.07.23"]

1. d4 Nf6 2. c4 e6 3. Nc3 Bb4 4. f3 d5 5. a3 Bxc3+ 6. bxc3 O-O 7. Bg5 c5 8. e4
dxe4 9. fxe4 Qa5 10. Bxf6 Qxc3+ 11. Kf2 gxf6 12. Ne2 Qa5 13. d5 Qd8 14. Ng3 Nd7
15. Qg4+ Kh8 16. Nh5 Rg8 17. Qf3 e5 18. Be2 Rg6 19. Ng3 Nf8 20. Nf5 Bxf5 21.
exf5 Rg7 22. g4 Qa5 23. Qe3 Nd7 24. h4 Rag8 25. Rag1 Qb6 26. g5 Qb2 27. Rg4
fxg5 28. hxg5 Nf6 29. gxf6 Rxg4 30. Rxh7+ 1-0

[Event "vk18"]
[Site "Vinkovci"]
[Date "2018.07.28"]
[Round "8.3"]
[White "Alfirevic, Duje"]
[Black "Novosel, Marko"]
[Result "1/2-1/2"]
[WhiteElo "1643"]
[BlackElo "2033"]
[PlyCount "108"]
[EventDate "2018.07.23"]

1. e4 c5 2. Nf3 g6 3. d4 cxd4 4. Nxd4 Nf6 5. Nc3 d6 6. Be2 Bg7 7. O-O O-O 8.
Nb3 Be6 9. Be3 Nc6 10. f4 Rc8 11. Bf3 b6 12. Rf2 Qd7 13. h3 Rfd8 14. Rd2 Qe8
15. Qe1 Nd7 16. Nd4 Na5 17. Be2 Bc4 18. b3 Bxe2 19. Ncxe2 Nc5 20. Ng3 Nc6 21.
Rc1 Nxd4 22. Bxd4 Bxd4+ 23. Rxd4 Ne6 24. Ra4 Nxf4 25. Rxa7 Rc5 26. Qe3 e5 27.
a4 d5 28. exd5 Nxd5 29. Qh6 Rc7 30. Rxc7 Nxc7 31. Qg5 Rd6 32. Rf1 Qd8 33. Qxe5
f5 34. Rf2 Rd5 35. Qe3 Rd6 36. Nf1 Re6 37. Rd2 Rd6 38. Rxd6 Qxd6 39. Qd2 Qc5+
40. Qf2 Qd6 41. Nd2 Nd5 42. Nc4 Qe6 43. Qd4 Qe1+ 44. Kh2 Nc3 45. Qd2 Qa1 46.
Qd8+ Kg7 47. Qd4+ Kg8 48. Qe5 f4 49. Qf6 Qe1 50. Qd8+ Kg7 51. Qd4+ Kg8 52. Qd8+
Kg7 53. Qd4+ Kg8 54. Qd8+ Kg7 1/2-1/2

[Event "vk18"]
[Site "Vinkovci"]
[Date "2018.07.28"]
[Round "8.4"]
[White "Cotic, Borna"]
[Black "Dabic, Stjepan"]
[Result "1-0"]
[WhiteElo "2047"]
[BlackElo "2040"]
[PlyCount "73"]
[EventDate "2018.07.23"]

1. e4 c5 2. Nf3 d6 3. Bb5+ Nc6 4. O-O Bd7 5. Re1 Nf6 6. c3 a6 7. Bf1 Bg4 8. h3
Bh5 9. g4 Bg6 10. d4 cxd4 11. cxd4 e5 12. d5 Nb8 13. Nc3 Be7 14. Qa4+ Nbd7 15.
b4 O-O 16. Qb3 a5 17. Ba3 axb4 18. Bxb4 b6 19. Nd2 Nc5 20. Bxc5 bxc5 21. f3 Nd7
22. Nc4 Rb8 23. Nb5 f5 24. exf5 Be8 25. a4 Nf6 26. Nxe5 dxe5 27. d6+ Bf7 28.
dxe7 Qxe7 29. Bc4 Bxc4 30. Qxc4+ Kh8 31. Qe6 Qb7 32. Qxe5 Qxf3 33. Re3 Qa8 34.
Nc7 Qb7 35. Ne6 Rf7 36. Nxc5 Qa8 37. Rae1 1-0

[Event "vk18"]
[Site "Vinkovci"]
[Date "2018.07.28"]
[Round "8.5"]
[White "Ghersinich, Enrico"]
[Black "Zekic, Patrik"]
[Result "1-0"]
[WhiteElo "2180"]
[BlackElo "1579"]
[PlyCount "227"]
[EventDate "2018.07.23"]

1. e4 e6 2. d4 d5 3. Nd2 Nf6 4. e5 Nfd7 5. Bd3 c5 6. c3 Nc6 7. Ngf3 Be7 8. O-O
b6 9. Re1 a5 10. c4 Nb4 11. Bb1 Bb7 12. a3 Na6 13. cxd5 Bxd5 14. Ne4 c4 15.
Nfg5 h6 16. Nd6+ Bxd6 17. Qh5 hxg5 18. Qxh8+ Bf8 19. Qh5 Be7 20. f4 gxf4 21.
Bg6 Nf8 22. Bxf7+ Kd7 23. Qd1 b5 24. Bh5 g6 25. Be2 Qb6 26. Bxf4 g5 27. Be3 Ng6
28. a4 b4 29. Qc2 Nxe5 30. Qh7 Nc6 31. Bg4 Nc7 32. Rad1 Kc8 33. Rf1 Kb7 34. Rf7
Re8 35. Bh5 Rf8 36. Rxe7 Nxe7 37. Qxe7 Rc8 38. Bxg5 c3 39. bxc3 bxc3 40. Qa3
Na6 41. h4 c2 42. Rd3 Nb4 43. Rg3 Qxd4+ 44. Kh2 Qd1 45. Bxd1 cxd1=Q 46. Bf4 Qc2
47. Qe3 Qc5 48. Rg7+ Ka8 49. Qg3 Nc6 50. Qd3 Nb4 51. Qg3 Qc3 52. Be3 Nc6 53. h5
Qf6 54. h6 Be4 55. Bg5 Qd4 56. Rf7 Bg6 57. Rg7 Bf5 58. Be3 Qe4 59. Bf4 Qd3 60.
Qf2 Qd4 61. Qg3 Qe4 62. Rd7 e5 63. Rf7 exf4 64. Qg5 Bg6 65. Rxf4 Qe7 66. Qxg6
Qc7 67. g3 Ne5 68. Qa6+ Kb8 69. Kh3 Qd7+ 70. g4 Rc3+ 71. Kh4 Qe7+ 72. g5 Ng6+
73. Qxg6 Qe1+ 74. Kg4 Qg3+ 75. Kf5 Rc5+ 76. Ke4 Qe1+ 77. Kf3 Qf1+ 78. Ke3 Qc1+
79. Kf3 Qf1+ 80. Ke3 Qe1+ 81. Kf3 Rc3+ 82. Kg4 Qg3+ 83. Kf5 Rc5+ 84. Ke4 Rc4+
85. Kd5 Qxf4 86. Qd6+ Qxd6+ 87. Kxd6 Rxa4 88. h7 Rh4 89. g6 Rh6 90. Ke5 Kc7 91.
g7 Rxh7 92. g8=Q Rh5+ 93. Kd4 Rb5 94. Qe6 Rb6 95. Qe5+ Kb7 96. Qxa5 Ra6 97.
Qb5+ Rb6 98. Qd7+ Kb8 99. Kc5 Rb1 100. Qe8+ Ka7 101. Qa4+ Kb8 102. Qf4+ Ka7
103. Qf7+ Rb7 104. Qe8 Rb1 105. Qa4+ Kb8 106. Qf4+ Ka7 107. Kc6 Rb6+ 108. Kc7
Rb7+ 109. Kc8 Rb5 110. Qd6 Rb6 111. Qa3+ Ra6 112. Qc5+ Rb6 113. Kc7 Ka8 114.
Qa5+ 1-0

[Event "vk18"]
[Site "Vinkovci"]
[Date "2018.07.28"]
[Round "8.6"]
[White "Cecic-Sule, Dino"]
[Black "Simunic, Krunoslav"]
[Result "0-1"]
[WhiteElo "1470"]
[BlackElo "2053"]
[PlyCount "78"]
[EventDate "2018.07.23"]

1. d4 d5 2. Nf3 Nf6 3. Bf4 Bf5 4. e3 e6 5. Bd3 Bxd3 6. cxd3 Bd6 7. Bxd6 cxd6 8.
Nbd2 Nc6 9. O-O O-O 10. a3 e5 11. dxe5 dxe5 12. d4 exd4 13. exd4 Qb6 14. Qb3
Nxd4 15. Nxd4 Qxd4 16. Nf3 Qb6 17. Qxb6 axb6 18. Rac1 Rac8 19. Nd4 h5 20. Nf5
Rc5 21. Rfe1 Rd8 22. Rxc5 bxc5 23. Re7 d4 24. Kf1 Rd7 25. Rxd7 Nxd7 26. Ke2 g6
27. Nd6 b6 28. Nc4 f5 29. b4 Kf7 30. Nxb6 Nxb6 31. bxc5 Nc4 32. a4 Ke6 33. Kd3
Kd5 34. c6 Ne5+ 35. Kd2 Nxc6 36. h3 Kc4 37. g3 Kb4 38. a5 Kxa5 39. Kd3 Kb4 0-1

[Event "vk18"]
[Site "Vinkovci"]
[Date "2018.07.28"]
[Round "8.7"]
[White "Duda, Daniel"]
[Black "Levacic, Matej"]
[Result "1-0"]
[WhiteElo "2019"]
[BlackElo "1855"]
[PlyCount "111"]
[EventDate "2018.07.23"]

1. d4 Nf6 2. c4 e6 3. Nc3 Bb4 4. e3 c5 5. Bd3 Nc6 6. Nf3 Bxc3+ 7. bxc3 d6 8.
O-O e5 9. d5 Ne7 10. e4 Ng6 11. Be3 O-O 12. Qc2 h6 13. Rfb1 Nh7 14. Ne1 Qf6 15.
g3 Ng5 16. Bxg5 Qxg5 17. Ng2 Ne7 18. f4 exf4 19. gxf4 Qg4 20. Qe2 Qh3 21. Qe3
Qxe3+ 22. Nxe3 Ng6 23. Rf1 f5 24. Nxf5 Bxf5 25. exf5 Nh4 26. Rae1 Nxf5 27. Re6
Rad8 28. Kh1 Nh4 29. f5 g6 30. f6 Rf7 31. Rf4 g5 32. Rf1 Kf8 33. Be2 Rdd7 34.
Bh5 a5 35. Rfe1 Rd8 36. Bxf7 Kxf7 37. Rb1 Rd7 38. Rb6 Nf5 39. Kg2 Kg6 40. Rb5
Rf7 41. Rxa5 Rxf6 42. Rxf6+ Kxf6 43. Rb5 Ne3+ 44. Kf3 Nxc4 45. Rxb7 Ke5 46. Rh7
Kxd5 47. Rxh6 Ne5+ 48. Ke2 Kc4 49. Rxd6 Kxc3 50. Rd5 Ng4 51. Rxc5+ Kb4 52. Rxg5
Nf6 53. h4 Ka3 54. h5 Kxa2 55. h6 Kb3 56. Rg7 1-0

[Event "vk18"]
[Site "Vinkovci"]
[Date "2018.07.28"]
[Round "8.8"]
[White "Mazuran, Gabrijel"]
[Black "Borzan, Andrej"]
[Result "1/2-1/2"]
[WhiteElo "1887"]
[BlackElo "1811"]
[PlyCount "46"]
[EventDate "2018.07.23"]

1. d4 d5 2. c4 e6 3. Nf3 Nf6 4. Nc3 Nbd7 5. Bg5 Be7 6. e3 h6 7. Bh4 O-O 8. Bd3
b6 9. cxd5 exd5 10. O-O Bb7 11. Rc1 Rc8 12. Bxf6 Nxf6 13. Ne5 Ne4 14. f3 Nxc3
15. bxc3 c5 16. Bb1 Bd6 17. Qd3 f5 18. f4 c4 19. Qe2 Rc7 20. Qh5 Qf6 21. Rf2
Bc8 22. Rcf1 Be6 23. g3 b5 1/2-1/2

[Event "vk18"]
[Site "Vinkovci"]
[Date "2018.07.28"]
[Round "8.1"]
[White "Vidovic, Petra"]
[Black "Golub, Nikolina"]
[Result "0-1"]
[WhiteElo "1432"]
[BlackElo "1917"]
[PlyCount "88"]
[EventDate "2018.07.23"]

1. e4 c5 2. Nf3 d6 3. d4 cxd4 4. Nxd4 Nf6 5. Nc3 a6 6. Be3 e5 7. Nb3 Be6 8. f3
Nbd7 9. Qd2 h5 10. O-O-O Rc8 11. Kb1 Nb6 12. Qf2 Nfd7 13. f4 Nc4 14. Bxc4 Bxc4
15. fxe5 dxe5 16. Nd5 Bxd5 17. Rxd5 Qc7 18. Bg5 Nb6 19. Rd3 Nc4 20. Rhd1 f6 21.
Bc1 Nd6 22. Rc3 Qb8 23. Rxc8+ Qxc8 24. Qg3 Qg4 25. Qc3 Qxd1 26. Qc7 Nxe4 27.
Qxb7 Qe2 28. Qc8+ Kf7 29. Qd7+ Be7 30. Qd5+ Kg6 31. Qe6 Bb4 32. a3 Bd2 33. Nxd2
Nxd2+ 34. Bxd2 Qxd2 35. Qxa6 Qd1+ 36. Ka2 Qxc2 37. Qb7 Rd8 38. Qb5 Qxg2 39. Qb6
Qd5+ 40. Ka1 Qd4 41. Qa6 e4 42. a4 e3 43. a5 Qa4+ 44. Kb1 Rd1# 0-1

[Event "vk18"]
[Site "Vinkovci"]
[Date "2018.07.28"]
[Round "8.2"]
[White "Smetisko, Marija"]
[Black "Koksa, Jelena"]
[Result "1/2-1/2"]
[WhiteElo "1852"]
[BlackElo "1707"]
[PlyCount "70"]
[EventDate "2018.07.23"]

1. e4 e5 2. Nf3 Nc6 3. Bc4 Bc5 4. c3 Nf6 5. d3 a6 6. Nbd2 Ba7 7. Nf1 O-O 8. Bg5
h6 9. Bh4 d6 10. Qd2 Na5 11. Ng3 Nxc4 12. dxc4 Kh7 13. Nh5 Bg4 14. Nxf6+ gxf6
15. Qd3 Be6 16. O-O-O Rg8 17. Nd4 Rg6 18. Nf5 Qe8 19. b3 b5 20. cxb5 axb5 21.
Kb1 Bc5 22. Rd2 Ra3 23. Rhd1 Qa8 24. Rb2 Ra7 25. Ng3 Ba3 26. Rc2 Bc5 27. Rb2
Rg4 28. Bxf6 Rf4 29. Nh5 Rxf2 30. Rxf2 Bxf2 31. Qc2 Bc5 32. Re1 Ra3 33. Qb2 Kg6
34. Qe2 Kh7 35. Qb2 Kg6 1/2-1/2

[Event "vk18"]
[Site "Vinkovci"]
[Date "2018.07.28"]
[Round "8.3"]
[White "Zuteg, Dorotea"]
[Black "Muha, Magdalena"]
[Result "1-0"]
[WhiteElo "1471"]
[BlackElo "1641"]
[PlyCount "131"]
[EventDate "2018.07.23"]

1. c4 c6 2. Nf3 d5 3. b3 Nf6 4. Bb2 Bf5 5. g3 h6 6. Bg2 e6 7. d3 Nbd7 8. Nbd2
Bc5 9. O-O Qe7 10. a3 Bd6 11. Re1 e5 12. e4 dxe4 13. dxe4 Bh7 14. b4 O-O 15.
Qc2 Rac8 16. c5 Bb8 17. Nb3 b6 18. Nfd2 bxc5 19. Nxc5 Bd6 20. Nxd7 Nxd7 21. Nc4
Nb6 22. Nxd6 Qxd6 23. Red1 Qe6 24. Qc5 Nc4 25. Bc3 Rfd8 26. Qxa7 f6 27. a4 Nd6
28. Qe3 Qc4 29. f3 Ra8 30. Bf1 Qe6 31. Qc5 Qd7 32. Rd2 Qc7 33. Rad1 Nb7 34.
Rxd8+ Nxd8 35. a5 Bg6 36. b5 Be8 37. a6 Kh7 38. Bc4 Qc8 39. b6 Bh5 40. Kg2 f5
41. exf5 Qxf5 42. Bd3 Bxf3+ 43. Kg1 Be4 44. Rf1 Qg4 45. Bxe4+ Qxe4 46. b7 Nxb7
47. axb7 Ra2 48. Rf2 Qb1+ 49. Kg2 Qe4+ 50. Kh3 Rxf2 51. Qxf2 Qb1 52. Qb2 Qf1+
53. Kh4 g5+ 54. Kg4 Qd1+ 55. Kf5 Qf3+ 56. Kxe5 Qd5+ 57. Kf6 Qf3+ 58. Ke7 Qe4+
59. Kd7 Qd5+ 60. Kc7 Qf7+ 61. Kb6 Qe8 62. Qc2+ Kg8 63. Qb3+ Kh7 64. Ka7 Qe3+
65. Ka8 Qc5 66. Qf7# 1-0

[Event "vk18"]
[Site "Vinkovci"]
[Date "2018.07.29"]
[Round "9.1"]
[White "Muha, Miljenko"]
[Black "Radenic, Filip"]
[Result "1-0"]
[WhiteElo "2362"]
[BlackElo "2166"]
[PlyCount "61"]
[EventDate "2018.07.23"]

1. Nf3 Nf6 2. c4 b6 3. g3 Bb7 4. Bg2 c5 5. O-O e6 6. Nc3 Be7 7. Re1 O-O 8. e4
d6 9. d4 cxd4 10. Nxd4 Qc8 11. Be3 a6 12. Rc1 Nbd7 13. f4 Qc7 14. f5 exf5 15.
Nxf5 Rfe8 16. Nd5 Nxd5 17. cxd5 Qd8 18. Qg4 Bf6 19. Nxd6 Ne5 20. Nxb7 Nxg4 21.
Nxd8 Nxe3 22. Nc6 Bxb2 23. Rb1 Nc2 24. Re2 Bd4+ 25. Nxd4 Nxd4 26. Reb2 Nb5 27.
Rc1 Kf8 28. Rc6 Rac8 29. a4 Nc3 30. Rc2 Rxc6 31. dxc6 1-0

[Event "vk18"]
[Site "Vinkovci"]
[Date "2018.07.29"]
[Round "9.2"]
[White "Starcevic, Ante Leon"]
[Black "Tica, Sven"]
[Result "0-1"]
[WhiteElo "2177"]
[BlackElo "2443"]
[PlyCount "100"]
[EventDate "2018.07.23"]

1. c4 e6 2. Nc3 d5 3. d4 Nf6 4. cxd5 exd5 5. Bg5 c6 6. e3 Be6 7. Bd3 Nbd7 8.
Nge2 h6 9. Bh4 g5 10. Bg3 Nh5 11. Qc2 Nxg3 12. Nxg3 h5 13. h4 g4 14. Bf5 Qf6
15. O-O-O Bb4 16. e4 Bxc3 17. Qxc3 Bxf5 18. exf5 O-O-O 19. Rde1 Rde8 20. Re3
Re7 21. Qa3 Rxe3 22. Qxe3 Kc7 23. Qf4+ Qd6 24. Qxd6+ Kxd6 25. Re1 Nf6 26. Kd2
Rc8 27. b4 b6 28. a3 Rc7 29. Kd3 c5 30. dxc5+ bxc5 31. bxc5+ Rxc5 32. Rb1 Ra5
33. Rb7 Nd7 34. Ke2 Kc6 35. Rb4 Nf6 36. a4 Ra6 37. Ke3 Kd6 38. Kf4 Rb6 39. Rd4
Rb2 40. Kg5 Ke5 41. Rd1 Rxf2 42. Re1+ Ne4+ 43. Kxh5 Rxg2 44. Nxe4 dxe4 45. Kg5
f6+ 46. Kg6 Rh2 47. h5 g3 48. h6 g2 49. h7 a5 50. Rg1 e3 0-1

[Event "vk18"]
[Site "Vinkovci"]
[Date "2018.07.29"]
[Round "9.3"]
[White "Toplak, Juraj"]
[Black "Erenda, Bruno"]
[Result "0-1"]
[WhiteElo "2017"]
[BlackElo "1966"]
[PlyCount "62"]
[EventDate "2018.07.23"]

1. c4 c5 2. Nc3 Nc6 3. g3 g6 4. Bg2 Bg7 5. e3 d6 6. Nge2 Nf6 7. O-O Bd7 8. d4
cxd4 9. exd4 O-O 10. a3 Qc8 11. Re1 Bh3 12. Bh1 Bg4 13. b4 Qf5 14. Qd2 e5 15.
d5 Nd4 16. Nxd4 exd4 17. Nb5 Rae8 18. Nxd6 Rxe1+ 19. Qxe1 Qc2 20. Qd2 d3 21.
Qxc2 dxc2 22. f3 Bd7 23. Bb2 b6 24. f4 Ba4 25. Re1 Rd8 26. Nb7 Re8 27. Kf1 Nxd5
28. Rxe8+ Bxe8 29. Bc1 Nc3 30. Ke1 Na2 31. Kd2 Ba4 0-1

[Event "vk18"]
[Site "Vinkovci"]
[Date "2018.07.29"]
[Round "9.5"]
[White "Zadravec, Matija"]
[Black "Kanizaj, Benjamin"]
[Result "1-0"]
[WhiteElo "2191"]
[BlackElo "1881"]
[PlyCount "87"]
[EventDate "2018.07.23"]

1. e4 c5 2. Nf3 d6 3. c3 Nf6 4. Bd3 Nbd7 5. Bc2 b6 6. d4 Bb7 7. Qe2 Rc8 8. O-O
Qc7 9. Bd3 e6 10. Bg5 Be7 11. Nbd2 O-O 12. e5 dxe5 13. dxe5 c4 14. Bc2 Nd5 15.
Bxe7 Nxe7 16. Rfe1 Rfd8 17. Nd4 Ng6 18. N2f3 Bxf3 19. Nxf3 a6 20. g3 b5 21.
Rad1 Nc5 22. Nd4 Rd5 23. f4 Rcd8 24. Qe3 Ne7 25. Rd2 Nc6 26. Red1 Nxd4 27. Rxd4
Qb6 28. Rxd5 Rxd5 29. Rxd5 exd5 30. Kf2 Qc6 31. f5 a5 32. g4 b4 33. f6 Ne4+ 34.
Bxe4 dxe4 35. Qg5 g6 36. Qh6 Qc5+ 37. Ke2 Qf8 38. Qxf8+ Kxf8 39. Ke3 b3 40. a3
Ke8 41. Kxe4 Kd7 42. Kd5 a4 43. Kxc4 Ke6 44. Kd4 1-0

[Event "vk18"]
[Site "Vinkovci"]
[Date "2018.07.29"]
[Round "9.7"]
[White "Makovec, Bruno"]
[Black "Petrovic, David"]
[Result "0-1"]
[WhiteElo "2293"]
[BlackElo "1657"]
[PlyCount "70"]
[EventDate "2018.07.23"]

1. d4 d5 2. Nf3 Nf6 3. c4 c6 4. g3 e6 5. Bg2 dxc4 6. Ne5 c5 7. Qa4+ Nbd7 8.
dxc5 Bxc5 9. Nxc4 b5 10. Qxb5 Rb8 11. Qa4 Rb4 12. Qc2 Ba6 13. Ne3 Qb6 14. O-O
O-O 15. Nc3 Rc8 16. Rb1 Ne5 17. h3 Bd4 18. Ned1 Nc4 19. b3 Ne5 20. Be3 Nd5 21.
Bxd5 exd5 22. Bxd4 Rxd4 23. Qb2 Qh6 24. Kg2 Rd2 25. Qa3 d4 26. Ne4 Bb7 27. f3
Nxf3 28. Kxf3 Bxe4+ 29. Kxe4 Re8+ 30. Kf3 Qc6+ 31. Kg4 Qe4+ 32. Rf4 Qxe2+ 33.
Kh4 g5+ 34. Kxg5 Re5+ 35. Rf5 h6+ 0-1

[Event "vk18"]
[Site "Vinkovci"]
[Date "2018.07.29"]
[Round "9.1"]
[White "Cotic, Borna"]
[Black "Kukas, Oliver"]
[Result "1/2-1/2"]
[WhiteElo "2047"]
[BlackElo "2159"]
[PlyCount "45"]
[EventDate "2018.07.23"]

1. e4 c5 2. Nf3 d6 3. Bb5+ Nd7 4. O-O a6 5. Bd3 b5 6. c4 Ne5 7. Nxe5 dxe5 8.
Qe2 b4 9. a3 e6 10. Bc2 Ne7 11. axb4 cxb4 12. Ba4+ Bd7 13. d3 Bxa4 14. Rxa4 Nc6
15. Be3 Nd4 16. Qd1 Bc5 17. Nd2 O-O 18. Bxd4 Qxd4 19. Nb3 Qd6 20. Nxc5 Qxc5 21.
Qd2 a5 22. Qe3 Qc7 23. b3 1/2-1/2

[Event "vk18"]
[Site "Vinkovci"]
[Date "2018.07.29"]
[Round "9.2"]
[White "Sos, Fran"]
[Black "Ghersinich, Enrico"]
[Result "0-1"]
[WhiteElo "2009"]
[BlackElo "2180"]
[PlyCount "86"]
[EventDate "2018.07.23"]

1. d4 c5 2. d5 Nf6 3. c4 b5 4. cxb5 a6 5. bxa6 g6 6. Nc3 Bg7 7. e4 O-O 8. Nf3
Qa5 9. Nd2 Bxa6 10. Bxa6 Nxa6 11. a3 d6 12. Nc4 Qc7 13. O-O Nd7 14. Qe2 Nb6 15.
Nb5 Qd8 16. Rb1 Nxc4 17. Qxc4 Qd7 18. Bd2 Rfb8 19. a4 Nc7 20. Nxc7 Rxa4 21. Qc2
Ra7 22. b4 Qxc7 23. bxc5 Rxb1 24. Rxb1 dxc5 25. Bc3 h5 26. Bxg7 Kxg7 27. Qc3+
Kh7 28. Rc1 Ra4 29. e5 Re4 30. h3 Rxe5 31. Qc4 Qd6 32. g3 Rxd5 33. Qe2 Rd2 34.
Qf3 Qd5 35. Qxd5 Rxd5 36. Kg2 Kg7 37. Kf3 Kf6 38. Ke4 e6 39. Rc3 Ke7 40. f4 Kd6
41. g4 hxg4 42. hxg4 Rd4+ 43. Ke3 g5 0-1

[Event "vk18"]
[Site "Vinkovci"]
[Date "2018.07.29"]
[Round "9.3"]
[White "Novosel, Marko"]
[Black "Jurakic, Lukas"]
[Result "1/2-1/2"]
[WhiteElo "2033"]
[BlackElo "1755"]
[PlyCount "118"]
[EventDate "2018.07.23"]

1. d4 Nf6 2. Bf4 g6 3. Nc3 d5 4. Nf3 Bg7 5. h4 O-O 6. Qd2 c5 7. e3 Nc6 8. Ne5
Be6 9. Be2 cxd4 10. exd4 h5 11. Nxc6 bxc6 12. Be5 Qa5 13. a3 c5 14. O-O Rac8
15. dxc5 Qxc5 16. Bd4 Qc7 17. Rfc1 a5 18. g3 Rfd8 19. Nb5 Ne4 20. Qe1 Qb8 21.
Bxg7 Kxg7 22. Kg2 Qe5 23. f3 Nxg3 24. Bd3 Qxe1 25. Rxe1 Nf5 26. Bxf5 Bxf5 27.
Nd4 Kf6 28. c3 e5 29. Ne2 a4 30. Rad1 g5 31. hxg5+ Kxg5 32. Kf2 Rc4 33. Ng3 f6
34. Rg1 Rc6 35. Nf1+ Kh6 36. Ne3 Be6 37. Ke2 d4 38. cxd4 exd4 39. Rd2 Rcd6 40.
Ng2 Rg8 41. Kf2 Bh3 42. Nf4 Rxg1 43. Kxg1 Bf5 44. Kf2 Kg5 45. Ne2 d3 46. Nc3
Rc6 47. Ke3 Rc4 48. Rg2+ Kh4 49. Rg7 Rc6 50. Rg1 Rc4 51. Nd1 Kh3 52. Rh1+ Kg3
53. Rxh5 Rf4 54. Rh8 Rxf3+ 55. Kd2 Bg4 56. Ra8 Bd7 57. Ra7 Bb5 58. Ra5 Bc6 59.
Ra6 Bb5 1/2-1/2